000 00649nam a2200193 a 4500
003 0
005 20250217154309.0
008 110621s19uu xx 00 eng d
050 _aPHS BF 637.S4
_b.G75 2011
100 _aGrandea, John James T.
245 _aSelf awareness and social awareness /
_cJohn James T. Grandea.
260 _aLas PiƱas City, Philippines :
_bSouthville International School and Colleges,
_c2011.
300 _a44 pages :
_billustrations ;
_c28 cm.
504 _aIncludes bibliographical references.
650 _aSelf awareness.
650 _aSocial perception.
650 _aInterpersonal relations.
942 _2lcc
_cPASS
999 _c98561
_d98561